[Event "4NCL Online Division 3"]
[Site "online"]
[Date "2021.09.21"]
[EventDate "2021.09.21"]
[Round "3.121"]
[White "McLean, Ian"]
[WhiteElo "1992"]
[WhiteTeam "Spirit of Atticus B"]
[Black "Patel, Krrish"]
[BlackElo "1562"]
[BlackTeam "Harrow 3"]
[Result "0-1"]
[PlyCount "94"]

1. f4 c5 2. Nf3 d6 3. g3 Nc6 4. d3 Bg4 5. Bg2 Nf6 6. O-O g6 7. c3 Bg7 8. h3 Bd7 9. e4 O-O 10. Nbd2 a6 11. a4 b5 12. Qe1 Qb6 13. g4 c4+ 14. d4 e5 15. fxe5 dxe5 16. Qf2 exd4 17. Kh1 Rae8 18. Nxd4 Nxd4 19. cxd4 Bc6 20. e5 Nd5 21. Ne4 f5 22. a5 Qa7 23. Nf6+ Nxf6 24. Bxc6 Ne4 25. Qg2 Qxd4 26. Bxe8 fxg4 27. Bf4 gxh3 28. Qxh3 Nf2+ 29. Rxf2 Qxf2 30. Rf1 Qd4 31. Bc6 Rxf4 32. Qe6+ Kh8 33. Qe8+ Bf8 34. Rxf4 Qxf4 35. e6 Qc1+ 36. Kg2 Qxb2+ 37. Kf1 Qf6+ 38. Kg2 c3 39. Be4 Kg7 40. Qd7+ Be7 41. Qc8 Qg5+ 42. Kf3 Qh5+ 43. Ke3 Bc5+ 44. Kf4 Qh4+ 45. Kf3 Qh3+ 46. Kf4 Bd6+ 47. Kg5 Qh5# 0-1

[Event "4NCL Online Division 3"]
[Site "online"]
[Date "2021.09.21"]
[EventDate "2021.09.21"]
[Round "3.122"]
[White "O'Neill, Richard"]
[WhiteElo "1596"]
[WhiteTeam "Harrow 3"]
[Black "Bimpson, Tom"]
[BlackElo "1959"]
[BlackTeam "Spirit of Atticus B"]
[Result "0-1"]
[PlyCount "76"]

1. e4 d6 2. Nf3 Nf6 3. Nc3 Nbd7 4. d4 e5 5. dxe5 dxe5 6. Bc4 Be7 7. O-O c6 8. a4 Qc7 9. Bg5 h6 10. Bh4 Nf8 11. h3 g5 12. Bg3 Ng6 13. Qe2 Nf4 14. Bxf4 gxf4 15. Rfd1 Rg8 16. Kh2 Rg7 17. Na2 Bd7 18. Nc1 O-O-O 19. Nd3 Rdg8 20. Rg1 Bd6 21. b4 h5 22. Bb3 Kb8 23. c4 Ng4+ 24. Kh1 Qc8 25. c5 Bc7 26. Bc4 Be6 27. Bxe6 Qxe6 28. Qa2 Qxa2 29. Rxa2 f5 30. exf5 e4 31. Nh4 exd3 32. hxg4 hxg4 33. g3 Rh7 34. Kg2 f3+ 35. Kf1 Re7 36. Nxf3 gxf3 37. g4 Rge8 38. f6 Re1# 0-1

[Event "4NCL Online Division 3"]
[Site "online"]
[Date "2021.09.21"]
[EventDate "2021.09.21"]
[Round "3.123"]
[White "Ellames, Roy"]
[WhiteElo "2027"]
[WhiteTeam "Spirit of Atticus B"]
[Black "Dilukshan, Manoharan"]
[BlackElo "1392"]
[BlackTeam "Harrow 3"]
[Result "1-0"]
[PlyCount "41"]

1. e4 e5 2. Nf3 Nc6 3. Bb5 Nge7 4. Nc3 a6 5. Bc4 d6 6. Ng5 Be6 7. Nxe6 fxe6 8. Bxe6 Nd4 9. Bg4 Ng6 10. Nd5 Qg5 11. c3 Nb5 12. d4 Qd8 13. a4 c6 14. Ne3 Nc7 15. O-O Be7 16. Qb3 b5 17. Bh5 Bg5 18. dxe5 dxe5 19. Rd1 Qf6 20. Nf5 Rd8 21. Bxg5 1-0

[Event "4NCL Online Division 3"]
[Site "online"]
[Date "2021.09.21"]
[EventDate "2021.09.21"]
[Round "3.124"]
[White "Walker, David J R"]
[WhiteElo "1282"]
[WhiteTeam "Harrow 3"]
[Black "White, Colin"]
[BlackElo "1614"]
[BlackTeam "Spirit of Atticus B"]
[Result "1-0"]
[PlyCount "55"]

1. d4 Nf6 2. c4 g6 3. Nc3 Bg7 4. e4 d6 5. Nf3 O-O 6. Bg5 e5 7. Be2 Nc6 8. Nd5 exd4 9. Nxd4 Ne5 10. Qd2 c6 11. Nxf6+ Bxf6 12. Bxf6 Qxf6 13. O-O Bg4 14. f4 Bxe2 15. fxe5 Qxe5 16. Nxe2 Qxe4 17. b3 Qg4 18. Rae1 Rae8 19. Ng3 Rxe1 20. Rxe1 Qd7 21. Ne4 Qd8 22. Qd4 f5 23. Nxd6 Qa5 24. Re7 Rf7 25. Re8+ Rf8 26. Rxf8+ Kxf8 27. Qf6+ Kg8 28. Qf7+ 1-0

[Event "4NCL Online Division 3"]
[Site "online"]
[Date "2021.09.21"]
[EventDate "2021.09.21"]
[Round "3.131"]
[White "Lonsdale, Jon I"]
[WhiteElo "1905"]
[WhiteTeam "Manchester Manticores"]
[Black "Dasgupta, Avyukt"]
[BlackElo "1723"]
[BlackTeam "Watford Juniors A"]
[Result "1-0"]
[PlyCount "187"]

1. e4 e6 2. d4 d5 3. e5 c5 4. c3 Qb6 5. a3 Bd7 6. b4 cxd4 7. cxd4 a6 8. Nc3 Nc6 9. Nf3 Rc8 10. Na4 Qc7 11. Bd3 Be7 12. O-O f6 13. Bb2 Nh6 14. Rc1 Qd8 15. Nc5 Bxc5 16. Rxc5 O-O 17. Qc2 f5 18. Rc1 b5 19. Bf1 Nf7 20. Ne1 g5 21. Nd3 h5 22. Be2 h4 23. f4 g4 24. Qd2 Kg7 25. R5c2 Rh8 26. Nc5 h3 27. g3 Qe7 28. Nxa6 Na7 29. Rc7 Rxc7 30. Rxc7 Ra8 31. Nc5 Qe8 32. Rxd7 Kg8 33. Qc2 Nh6 34. Bd3 Kh8 35. Qe2 Kg8 36. Bxb5 Nxb5 37. Qxb5 Rb8 38. Qc6 Rc8 39. Qd6 Nf7 40. Qe7 Qxe7 41. Rxe7 Nd8 42. Kf2 Kf8 43. Rh7 Kg8 44. Rd7 Kf8 45. Ke3 Ke8 46. Rh7 Kf8 47. Kd3 Kg8 48. Rd7 Kf8 49. Nb7 Nc6 50. Nd6 Rd8 51. Rxd8+ Nxd8 52. b5 Ke7 53. a4 Kd7 54. a5 Kc7 55. Ba3 Kb8 56. Bc5 Ka8 57. Kc3 Kb8 58. Kb4 Ka8 59. a6 Kb8 60. Ka5 Ka8 61. Bb6 Kb8 62. Bxd8 Ka7 63. b6+ Kb8 64. Kb5 Ka8 65. Kc6 Kb8 66. Bf6 Ka8 67. Kd7 Kb8 68. Kxe6 Ka8 69. Kxd5 Kb8 70. Ke6 Ka8 71. Kxf5 Kb8 72. Kxg4 Ka8 73. Kxh3 Kb8 74. Kg4 Ka8 75. Kg5 Kb8 76. Kg6 Ka8 77. Kf7 Kb8 78. h4 Ka8 79. h5 Kb8 80. h6 Ka8 81. h7 Kb8 82. h8=N Ka8 83. Ng6 Kb8 84. g4 Ka8 85. f5 Kb8 86. Nf4 Ka8 87. Nd5 Kb8 88. e6 Ka8 89. e7 Kb8 90. e8=N Ka8 91. Be5 Kb8 92. Ndf6 Ka8 93. Nc7+ Kb8 94. Nd7# 1-0

[Event "4NCL Online Division 3"]
[Site "online"]
[Date "2021.09.21"]
[EventDate "2021.09.21"]
[Round "3.132"]
[White "Keerthi Kumar, Advait"]
[WhiteElo "1415"]
[WhiteTeam "Watford Juniors A"]
[Black "Sheppard, Daniel C"]
[BlackElo "1872"]
[BlackTeam "Manchester Manticores"]
[Result "0-1"]
[PlyCount "54"]

1. e4 c5 2. Nf3 Nc6 3. d4 cxd4 4. Nxd4 Nf6 5. Nc3 h5 6. Bg5 Qa5 7. Bxf6 gxf6 8. Nxc6 bxc6 9. Bd3 Rb8 10. O-O Rxb2 11. Ne2 e6 12. f4 Ba6 13. Rb1 Qb6+ 14. Kh1 Bxd3 15. Rxb2 Qxb2 16. Qxd3 Qxa2 17. Rd1 d6 18. Nc3 Qa3 19. e5 fxe5 20. fxe5 d5 21. Rb1 Bb4 22. Rb3 Qa1+ 23. Nd1 Qxe5 24. g3 h4 25. Kg2 h3+ 26. Kf3 Bc5 27. Qc3 Qe4# 0-1

[Event "4NCL Online Division 3"]
[Site "online"]
[Date "2021.09.21"]
[EventDate "2021.09.21"]
[Round "3.133"]
[White "Whitehead, Mark A"]
[WhiteElo "1945"]
[WhiteTeam "Manchester Manticores"]
[Black "George, Seb"]
[BlackElo "1267"]
[BlackTeam "Watford Juniors A"]
[Result "1-0"]
[PlyCount "35"]

1. e4 Nf6 2. e5 Nd5 3. d4 c5 4. c4 Nb4 5. d5 d6 6. a3 Qa5 7. Nc3 Bf5 8. axb4 Qxa1 9. bxc5 dxe5 10. Nf3 f6 11. Nd2 Qa5 12. Nb3 Qc7 13. Be3 Nd7 14. Be2 e6 15. d6 Qc6 16. Nb5 Kf7 17. Na5 Qa6 18. b4 1-0

[Event "4NCL Online Division 3"]
[Site "online"]
[Date "2021.09.21"]
[EventDate "2021.09.21"]
[Round "3.134"]
[White "McKechnie, Joel"]
[WhiteElo "1303"]
[WhiteTeam "Watford Juniors A"]
[Black "Potter, Steven"]
[BlackElo "1833"]
[BlackTeam "Manchester Manticores"]
[Result "0-1"]
[PlyCount "80"]

1. d4 e6 2. Bf4 b6 3. e3 Bb7 4. Nf3 c5 5. c3 cxd4 6. exd4 Be7 7. Bd3 f5 8. Nbd2 Nf6 9. Qc2 O-O 10. O-O-O Nc6 11. h3 Nd5 12. Be5 Nxe5 13. Nxe5 Rc8 14. g4 Nb4 15. Qb1 Nxd3+ 16. Qxd3 Bxh1 17. Rxh1 d6 18. Nef3 f4 19. h4 Qd7 20. Ne4 Qa4 21. Neg5 g6 22. a3 Qc4 23. Qxc4 Rxc4 24. h5 Bxg5 25. Nxg5 h6 26. Nxe6 Rf6 27. Nd8 Rc8 28. Nb7 Rc7 29. Nd8 d5 30. hxg6 Rxg6 31. f3 Rd7 32. Rh5 Rxd8 33. Kd2 Kg7 34. Kd3 Rg5 35. Rh3 Re8 36. Kd2 Re3 37. Kc2 b5 38. Kb3 a5 39. Kc2 Rxg4 40. Rxh6 Rg2+ 0-1

[Event "4NCL Online Division 3"]
[Site "online"]
[Date "2021.09.21"]
[EventDate "2021.09.21"]
[Round "3.141"]
[White "Hulme, David I"]
[WhiteElo "1752"]
[WhiteTeam "Crewe AOL"]
[Black "Brozel, Sacha"]
[BlackElo "2311"]
[BlackTeam "Barnet Knights A"]
[Result "0-1"]
[PlyCount "60"]

1. e4 e6 2. d4 d5 3. exd5 exd5 4. Bd3 Nc6 5. c3 Bd6 6. Ne2 Qh4 7. Nd2 Bg4 8. Nf1 O-O-O 9. Ne3 Nh6 10. Qc2 Ne7 11. h3 Bh5 12. g4 Bg6 13. Ng2 Qf6 14. f4 Bxd3 15. Qxd3 Ng6 16. g5 Qf5 17. Qf3 Ng8 18. Qg4 N8e7 19. Ng3 Qe6+ 20. Qxe6+ fxe6 21. Bd2 Rdf8 22. Rf1 h6 23. gxh6 Rxh6 24. O-O-O Rxh3 25. Ne2 Nf5 26. Rh1 Rfh8 27. Rxh3 Rxh3 28. Re1 Kd7 29. Ng1 Rg3 30. Re2 Ngh4 0-1

[Event "4NCL Online Division 3"]
[Site "online"]
[Date "2021.09.21"]
[EventDate "2021.09.21"]
[Round "3.142"]
[White "Ethelontis, Alexandros N"]
[WhiteElo "2127"]
[WhiteTeam "Barnet Knights A"]
[Black "Lockett, Karl"]
[BlackElo "1817"]
[BlackTeam "Crewe AOL"]
[Result "1-0"]
[PlyCount "81"]

1. c4 c5 2. g3 Nc6 3. Bg2 Nf6 4. Nc3 g6 5. a3 Bg7 6. Rb1 Rb8 7. b4 b6 8. Bxc6 dxc6 9. bxc5 O-O 10. cxb6 axb6 11. d3 c5 12. Bf4 Ra8 13. Rb3 Bb7 14. e4 e6 15. Nge2 Nh5 16. Be3 f5 17. O-O Nf6 18. f3 Bc6 19. Qb1 Nd7 20. Nf4 Re8 21. Nb5 Qe7 22. Nc7 Red8 23. Nfxe6 Rdb8 24. Nxa8 Rxa8 25. Nxg7 Qxg7 26. Qa1 Ba4 27. Qxg7+ Kxg7 28. Rb2 Ne5 29. Rxb6 Nxd3 30. Rb7+ Kg8 31. Rfb1 Ne5 32. Rb8+ Rxb8 33. Rxb8+ Kf7 34. exf5 Nxc4 35. fxg6+ hxg6 36. Bxc5 Ne5 37. Rf8+ Ke6 38. Bd4 Kd5 39. Bxe5 Kxe5 40. Kf2 Kd4 41. Rf4+ 1-0

[Event "4NCL Online Division 3"]
[Site "online"]
[Date "2021.09.21"]
[EventDate "2021.09.21"]
[Round "3.143"]
[White "Renegade, Richard"]
[WhiteElo "1713"]
[WhiteTeam "Crewe AOL"]
[Black "Rasalingam, Haran"]
[BlackElo "2039"]
[BlackTeam "Barnet Knights A"]
[Result "0-1"]
[PlyCount "70"]

1. e4 c5 2. Nc3 Nc6 3. f4 g6 4. Nf3 Bg7 5. Bc4 e6 6. O-O Nge7 7. Qe1 Nd4 8. Nxd4 cxd4 9. Ne2 O-O 10. d3 d5 11. Bb3 dxe4 12. dxe4 b5 13. Ng3 a5 14. a3 Ba6 15. Rf3 a4 16. Ba2 Rc8 17. Qd1 Qc7 18. f5 exf5 19. exf5 Nxf5 20. Rxf5 gxf5 21. Nxf5 Qe5 22. Nxg7 Qxg7 23. Qh5 Rxc2 24. g3 Bb7 25. Bf4 Qg6 26. Qxg6+ hxg6 27. Be5 Rg2+ 28. Kf1 d3 29. g4 Re8 30. Bg3 Ree2 31. Rd1 Be4 32. Bb1 Rd2 33. Rc1 Rxb2 34. Be5 Rbf2+ 35. Ke1 d2+ 0-1

[Event "4NCL Online Division 3"]
[Site "online"]
[Date "2021.09.21"]
[EventDate "2021.09.21"]
[Round "3.144"]
[White "Covey, Jason"]
[WhiteElo "1994"]
[WhiteTeam "Barnet Knights A"]
[Black "Layhe, Simon"]
[BlackElo "1690"]
[BlackTeam "Crewe AOL"]
[Result "1-0"]
[PlyCount "61"]

1. d4 Nf6 2. Nc3 d5 3. Bg5 Nbd7 4. e3 g6 5. f4 Bg7 6. Nf3 O-O 7. Bd3 c5 8. O-O c4 9. Be2 h6 10. Bh4 Qb6 11. b3 Qa5 12. Be1 Qc7 13. Ne5 cxb3 14. cxb3 Qd8 15. Rc1 a6 16. Bf3 e6 17. Bh4 Qe8 18. Na4 Nxe5 19. fxe5 Nd7 20. Be1 f6 21. Bb4 Rf7 22. exf6 Rxf6 23. Bg4 b5 24. Nb2 Nf8 25. Rxf6 Bxf6 26. Qf3 Be7 27. Bxe7 Qxe7 28. Nd3 Bd7 29. Ne5 Rc8 30. Rf1 Be8 31. Qxf8+ 1-0

[Event "4NCL Online Division 3"]
[Site "online"]
[Date "2021.09.21"]
[EventDate "2021.09.21"]
[Round "3.151"]
[White "Dobbie, Graham"]
[WhiteElo "1823"]
[WhiteTeam "East Kilbride Strollers"]
[Black "Punnett, Alan K"]
[BlackElo "2084"]
[BlackTeam "Guildford Castles 1"]
[Result "0-1"]
[PlyCount "68"]

1. c4 e5 2. Nc3 Nf6 3. g3 d5 4. cxd5 Nxd5 5. Bg2 Nb6 6. e3 Be7 7. Nge2 O-O 8. O-O Nc6 9. f4 Rb8 10. fxe5 Nxe5 11. Nf4 c6 12. d4 Bg4 13. Qc2 Ng6 14. Nxg6 hxg6 15. h3 Be6 16. Ne2 Bf6 17. Rd1 Re8 18. b3 Qe7 19. Nc3 Nd5 20. e4 Nxc3 21. Qxc3 Rbd8 22. e5 Bxe5 23. Bb2 Bf6 24. Re1 Qd7 25. Rad1 Bd5 26. Rxe8+ Rxe8 27. Re1 Rxe1+ 28. Qxe1 Bxg2 29. Kxg2 Kh7 30. Qe2 Qd5+ 31. Kh2 a5 32. g4 a4 33. Qc4 Qf3 34. Qc2 Qf4+ 0-1

[Event "4NCL Online Division 3"]
[Site "online"]
[Date "2021.09.21"]
[EventDate "2021.09.21"]
[Round "3.152"]
[White "Young, Craig A"]
[WhiteElo "2081"]
[WhiteTeam "Guildford Castles 1"]
[Black "Madhavan, Sanjith"]
[BlackElo "1699"]
[BlackTeam "East Kilbride Strollers"]
[Result "1-0"]
[PlyCount "53"]

1. d4 Nf6 2. Nf3 g6 3. c4 Bg7 4. Nc3 d6 5. h3 O-O 6. e4 e5 7. d5 a5 8. Bd3 Na6 9. Bc2 Nh5 10. O-O f5 11. exf5 gxf5 12. Nxe5 Ng3 13. Nc6 bxc6 14. fxg3 Nb4 15. Bb1 cxd5 16. Nxd5 Be6 17. a3 Nc6 18. Qh5 Nd4 19. Bg5 Bf7 20. Qh4 Qd7 21. Nf6+ Bxf6 22. Bxf6 Nb3 23. Bxf5 Be6 24. Bxe6+ Qxe6 25. Qg5+ Kf7 26. Qg7+ Ke8 27. Rae1 1-0

[Event "4NCL Online Division 3"]
[Site "online"]
[Date "2021.09.21"]
[EventDate "2021.09.21"]
[Round "3.153"]
[White "Stewart, Alastair G"]
[WhiteElo "1576"]
[WhiteTeam "East Kilbride Strollers"]
[Black "Kueh, Audrey"]
[BlackElo "2080"]
[BlackTeam "Guildford Castles 1"]
[Result "0-1"]
[PlyCount "72"]

1. d4 d5 2. Nf3 Nf6 3. e3 Bf5 4. c4 c6 5. cxd5 cxd5 6. Nc3 Nc6 7. Bd2 e6 8. Qb3 Nb4 9. Bb5+ Nd7 10. e4 dxe4 11. Ne5 Nd3+ 12. Nxd3 exd3 13. Nd1 Bd6 14. Bxd3 Bxd3 15. Qxd3 O-O 16. O-O Nf6 17. Nc3 Bc5 18. Be3 Bb6 19. Rad1 Nd5 20. Rfe1 Rc8 21. a3 Nxc3 22. bxc3 Qd5 23. Bd2 Rfd8 24. Qg3 Bc7 25. Qg4 h5 26. Qh4 Bd6 27. Re3 Rd7 28. Rh3 g6 29. Bg5 Qb3 30. Rc1 Bxa3 31. c4 Qb2 32. Rhc3 Qb4 33. Qf4 Bxc1 34. Rxc1 Rxc4 35. Bf6 Rdc7 36. Rxc4 Qe1# 0-1

[Event "4NCL Online Division 3"]
[Site "online"]
[Date "2021.09.21"]
[EventDate "2021.09.21"]
[Round "3.154"]
[White "Toon, James MG"]
[WhiteElo "2008"]
[WhiteTeam "Guildford Castles 1"]
[Black "Gray, Stewart R"]
[BlackElo "1449"]
[BlackTeam "East Kilbride Strollers"]
[Result "1-0"]
[PlyCount "59"]

1. e4 d5 2. exd5 Nf6 3. Nf3 Bg4 4. Bb5+ Nbd7 5. d4 a6 6. Bxd7+ Qxd7 7. c4 e6 8. dxe6 Qxe6+ 9. Qe2 Qxe2+ 10. Kxe2 O-O-O 11. Be3 Be7 12. Rd1 Rhe8 13. h3 Bf5 14. Kf1 h6 15. Nc3 g5 16. Ne5 Rf8 17. g4 Bh7 18. Rac1 Bb4 19. f3 Nd7 20. Nd5 Bd6 21. Nxd7 Rxd7 22. Nf6 Re7 23. Nxh7 Rfe8 24. Bd2 f5 25. Nf6 Rf8 26. Nd5 Ref7 27. c5 Bg3 28. Kg2 f4 29. Nc3 Rh7 30. Ne4 1-0

[Event "4NCL Online Division 3"]
[Site "online"]
[Date "2021.09.21"]
[EventDate "2021.09.21"]
[Round "3.161"]
[White "Adam, David W"]
[WhiteElo "1603"]
[WhiteTeam "Bradford DCA Knights B"]
[Black "Du Toit, Reenen J"]
[BlackElo "1863"]
[BlackTeam "Wessex Some Stars D"]
[Result "0-1"]
[PlyCount "110"]

1. c4 c5 2. Nc3 Nc6 3. g3 g6 4. Bg2 Bg7 5. d3 d6 6. e4 e5 7. Nge2 Nge7 8. O-O O-O 9. h3 f5 10. f4 fxe4 11. Nxe4 exf4 12. Nxf4 Nf5 13. Kh2 Be5 14. Ne2 Qd7 15. Rb1 Kg7 16. Bf4 Bxf4 17. Rxf4 Ne3 18. Qg1 Nxg2 19. Qxg2 Rxf4 20. Nxf4 b6 21. Rf1 Bb7 22. Nd5 Ne5 23. Ndf6 Qe7 24. Qe2 Rf8 25. g4 Rxf6 26. Nxf6 Nf3+ 27. Qxf3 Bxf3 28. Rxf3 Qe2+ 29. Kg3 Qxb2 30. Ne8+ Kh6 31. Nf6 Qxa2 32. h4 Qa1 33. g5+ Kg7 34. Ne8+ Kg8 35. Nf6+ Kf7 36. Nxh7+ Ke7 37. Re3+ Kd7 38. Nf6+ Kc6 39. Nd5 Qg1+ 40. Kf4 Qf2+ 41. Kg4 Qf5+ 42. Kg3 Kd7 43. Rf3 Qe5+ 44. Kf2 Qh2+ 45. Ke3 Qxh4 46. Rf7+ Ke6 47. Rf6+ Ke5 48. Rxg6 Qg3+ 49. Kd2 Kd4 50. Kc1 Kxd3 51. Nf6 Qe1+ 52. Kb2 Qc3+ 53. Kb1 Qc2+ 54. Ka1 Kc3 55. Nd5+ Kb3 0-1

[Event "4NCL Online Division 3"]
[Site "online"]
[Date "2021.09.21"]
[EventDate "2021.09.21"]
[Round "3.162"]
[White "Clancy, Martin J"]
[WhiteElo "1847"]
[WhiteTeam "Wessex Some Stars D"]
[Black "Gallagher, Dominic"]
[BlackElo "1595"]
[BlackTeam "Bradford DCA Knights B"]
[Result "0-1"]
[PlyCount "90"]

1. e4 e5 2. Nf3 Nc6 3. Bb5 a6 4. Ba4 Nf6 5. O-O Be7 6. Re1 b5 7. Bb3 d6 8. c3 O-O 9. h3 Nb8 10. d4 Nbd7 11. Nbd2 Bb7 12. Bc2 Re8 13. Nf1 Bf8 14. Ng3 g6 15. b3 Bg7 16. Bb2 c5 17. d5 Nb6 18. Qe2 c4 19. b4 Bh6 20. Bc1 Bxc1 21. Raxc1 Kg7 22. Qe3 Nbd7 23. Nh4 Qb6 24. Qg5 Ng8 25. Bd1 h6 26. Qd2 Ndf6 27. Kh2 Bc8 28. Rf1 Bd7 29. Be2 Qc7 30. f4 exf4 31. Rxf4 Re5 32. Rcf1 Rae8 33. Qd4 Bc8 34. Qf2 Qe7 35. Qd4 Qc7 36. Bd1 Qb7 37. Nf3 Qe7 38. Bc2 g5 39. Nxg5 hxg5 40. Rxf6 Nxf6 41. Rxf6 Kxf6 42. Nh5+ Kg6 43. g4 f6 44. Ng3 Rh8 45. Nf5 Bxf5 0-1

[Event "4NCL Online Division 3"]
[Site "online"]
[Date "2021.09.21"]
[EventDate "2021.09.21"]
[Round "3.163"]
[White "Waite, Nicholas"]
[WhiteElo "1371"]
[WhiteTeam "Bradford DCA Knights B"]
[Black "Chilton, James I"]
[BlackElo "1816"]
[BlackTeam "Wessex Some Stars D"]
[Result "0-1"]
[PlyCount "86"]

1. Nf3 d5 2. g3 Bf5 3. d4 Nf6 4. Bg2 Nc6 5. O-O e6 6. Nh4 Be4 7. f3 Bg6 8. c4 Be7 9. Qa4 Bxb1 10. Rxb1 g5 11. Bxg5 Rg8 12. cxd5 Nxd5 13. Bxe7 Qxe7 14. Qb3 Nxd4 15. Qa4+ Nc6 16. f4 Qc5+ 17. Kh1 b5 18. Rbc1 Qxc1 19. Qxb5 Qxf1+ 20. Bxf1 Kd7 21. Nf3 Kd6 22. e4 Nde7 23. Qd3+ Kc5 24. Qc4+ Kd6 25. Qd3+ Kc5 26. e5 a6 27. a3 Kb6 28. Nd2 Nd5 29. Nb3 Rgd8 30. Qc4 Nce7 31. Qc5+ Kb7 32. Na5+ Kc8 33. Nc6 Nxc6 34. Qxc6 Nb6 35. g4 Rd1 36. Kg1 a5 37. f5 exf5 38. gxf5 Kb8 39. Qe8+ Kb7 40. Qxf7 Nd5 41. Qd7 Rg8+ 42. Kf2 Ne3 43. Kxe3 Rxd7 0-1

[Event "4NCL Online Division 3"]
[Site "online"]
[Date "2021.10.19"]
[EventDate "2021.10.19"]
[Round "5.11"]
[White "Kolbusz, George"]
[WhiteElo "1831"]
[WhiteTeam "Shropshire and Friends 3"]
[Black "Jayawarna, Thisumi"]
[BlackElo "1601"]
[BlackTeam "Manchester Juniors B"]
[Result "1/2-1/2"]
[PlyCount "149"]

1. d4 Nf6 2. Nf3 c5 3. d5 d6 4. Nc3 g6 5. e4 Bg7 6. Bb5+ Bd7 7. Bxd7+ Nbxd7 8. O-O O-O 9. Re1 a6 10. a4 Rb8 11. a5 Ng4 12. h3 Nge5 13. Bf4 Nc4 14. Ra2 Nxb2 15. Qd2 Nc4 16. Qd3 Nce5 17. Nxe5 Nxe5 18. Bxe5 Bxe5 19. Ne2 Qe8 20. f4 Bg7 21. c4 f5 22. exf5 Rxf5 23. g4 Rf8 24. Rf1 Rf7 25. Qe4 Qf8 26. Qe6 Kh8 27. Kg2 Bh6 28. Qe4 Bg7 29. Ra3 Bh6 30. Raf3 Bg7 31. Qb1 Qd8 32. Qa2 Qd7 33. Ng3 Rbf8 34. Qb1 Rb8 35. f5 g5 36. Nh5 Be5 37. Ng3 Bxg3 38. Kxg3 Qa4 39. Qb2+ Kg8 40. Qc3 b5 41. axb6 Rxb6 42. Ra1 Qb4 43. Qc1 h6 44. Rfa3 Kh7 45. Qc2 Kg7 46. Rxa6 Rxa6 47. Rxa6 Qe1+ 48. Kg2 Rf8 49. Ra3 Kf6 50. Qc3+ Qxc3 51. Rxc3 Ke5 52. Re3+ Kd4 53. Rxe7 Kxc4 54. Re6 Kxd5 55. Rxh6 c4 56. h4 gxh4 57. Rxh4 c3 58. Rh1 c2 59. Rc1 Rc8 60. Kg3 Ke5 61. Re1+ Kf6 62. Rc1 d5 63. Kf4 Rc4+ 64. Kg3 Kg5 65. Kf3 Rxg4 66. Rxc2 Kxf5 67. Ke3 Ke5 68. Rd2 Re4+ 69. Kf3 d4 70. Kf2 Re3 71. Re2 Ke4 72. Rxe3+ dxe3+ 73. Ke1 Kd3 74. Kd1 Kc3 75. Ke1 1/2-1/2

[Event "4NCL Online Division 3"]
[Site "online"]
[Date "2021.10.19"]
[EventDate "2021.10.19"]
[Round "5.12"]
[White "Correa, Rebecca"]
[WhiteElo "1502"]
[WhiteTeam "Manchester Juniors B"]
[Black "Clark, Matthew D H"]
[BlackElo "1787"]
[BlackTeam "Shropshire and Friends 3"]
[Result "1/2-1/2"]
[PlyCount "68"]

1. d4 Nf6 2. Nf3 d5 3. Bf4 c5 4. c3 Nc6 5. h3 Qb6 6. Qd2 h6 7. e3 Bf5 8. Be2 Ne4 9. Qc1 e6 10. Nbd2 Be7 11. O-O O-O 12. Nxe4 Bxe4 13. Nd2 Bg6 14. Nf3 Rac8 15. Qd2 Rfd8 16. Rac1 c4 17. Ne5 Nxe5 18. Bxe5 Bd6 19. Bxd6 Qxd6 20. Bf3 b5 21. Rfe1 a5 22. a3 b4 23. axb4 axb4 24. e4 bxc3 25. bxc3 dxe4 26. Bxe4 Bxe4 27. Rxe4 e5 28. Qe3 exd4 29. Rxd4 Qa6 30. Rcd1 Rxd4 31. Rxd4 Qc6 32. Qf4 Qb5 33. Re4 Qc5 34. Rd4 Qb5 1/2-1/2

[Event "4NCL Online Division 3"]
[Site "online"]
[Date "2021.10.19"]
[EventDate "2021.10.19"]
[Round "5.13"]
[White "Podlesak, Mark"]
[WhiteElo "1781"]
[WhiteTeam "Shropshire and Friends 3"]
[Black "Ye, Tim"]
[BlackElo "1369"]
[BlackTeam "Manchester Juniors B"]
[Result "1-0"]
[PlyCount "89"]

1. d4 d5 2. Nf3 Nf6 3. e3 Bf5 4. c4 e6 5. Qb3 Qc8 6. Nc3 c6 7. Be2 Nbd7 8. Nh4 Bg6 9. O-O Be7 10. cxd5 exd5 11. Bd2 Bh5 12. Nf5 Bxe2 13. Nxe7 Kxe7 14. Nxe2 Re8 15. Bb4+ c5 16. dxc5 Nxc5 17. Bxc5+ Qxc5 18. Qxb7+ Kf8 19. Rfc1 Qb6 20. Rc7 Qxb7 21. Rxb7 Rec8 22. Nd4 g6 23. a3 Rcb8 24. Rxb8+ Rxb8 25. b4 a6 26. Rc1 Rb6 27. Rc6 Rxc6 28. Nxc6 Nd7 29. Kf1 Kg7 30. Ke2 Kf6 31. Kd3 Ke6 32. Nd8+ Ke7 33. Nb7 Ke6 34. Nc5+ Nxc5+ 35. bxc5 Kd7 36. Kd4 Kc6 37. a4 f5 38. f3 a5 39. h4 h6 40. f4 h5 41. g3 Kd7 42. Kxd5 Kc7 43. c6 Kd8 44. Kd6 Kc8 45. c7 1-0

[Event "4NCL Online Division 3"]
[Site "online"]
[Date "2021.10.19"]
[EventDate "2021.10.19"]
[Round "5.14"]
[White "Correa, Edward"]
[WhiteElo "1279"]
[WhiteTeam "Manchester Juniors B"]
[Black "Penny, Liam"]
[BlackElo "1731"]
[BlackTeam "Shropshire and Friends 3"]
[Result "0-1"]
[PlyCount "72"]

1. d4 d5 2. Bf4 Nf6 3. Nf3 e6 4. e3 Bd6 5. Bg3 O-O 6. Bd3 b6 7. c4 Bb7 8. Nc3 a6 9. a3 Ne4 10. Bxe4 dxe4 11. Ne5 f6 12. c5 bxc5 13. dxc5 Bxe5 14. Bxe5 fxe5 15. Qb3 Bd5 16. Nxd5 exd5 17. Rd1 c6 18. Qb7 Nd7 19. Qxc6 Nf6 20. Qe6+ Kh8 21. Qxe5 Ng4 22. Qxd5 Qxd5 23. Rxd5 Nxf2 24. O-O Nd3 25. Rxf8+ Rxf8 26. Rd6 Nxc5 27. Rc6 Nd3 28. Rxa6 Nxb2 29. Re6 Nc4 30. Rxe4 Nxa3 31. Ra4 Nc2 32. e4 Ne3 33. Ra1 Kg8 34. Re1 Nc2 35. Rc1 Nd4 36. e5 Ne2+ 0-1

[Event "4NCL Online Division 3"]
[Site "online"]
[Date "2021.10.19"]
[EventDate "2021.10.19"]
[Round "5.21"]
[White "Gajdosz, Marek"]
[WhiteElo "1931"]
[WhiteTeam "Darnall & Handsworth"]
[Black "Tenin, Alex"]
[BlackElo "2000"]
[BlackTeam "War & Piece Overlord"]
[Result "1-0"]
[PlyCount "83"]

1. d4 Nf6 2. Nf3 d6 3. g3 Bf5 4. Bg2 Nc6 5. O-O Qd7 6. Re1 Bh3 7. Bh1 h5 8. e4 Bg4 9. Qd3 Bxf3 10. Bxf3 e5 11. c3 h4 12. Qb5 hxg3 13. hxg3 exd4 14. e5 Nxe5 15. Qxb7 Qh3 16. Qxa8+ Kd7 17. cxd4 Be7 18. dxe5 Rxa8 19. exf6 Re8 20. Rxe7+ Rxe7 21. fxe7 Qe6 22. Bd2 Qxe7 23. Nc3 Qf6 24. Kg2 Qd4 25. Rd1 g6 26. Be3 Qb4 27. Rd2 a5 28. Bd5 f6 29. Bd4 f5 30. f4 a4 31. a3 Qa5 32. Bf7 Qa8+ 33. Kh2 Qf8 34. Bc4 Qh6+ 35. Kg2 g5 36. Be3 g4 37. Bf2 Qh8 38. Bb5+ Ke6 39. Bxa4 Qa8+ 40. Kg1 Qf3 41. Bb3+ Kd7 42. Bd5 1-0

[Event "4NCL Online Division 3"]
[Site "online"]
[Date "2021.10.19"]
[EventDate "2021.10.19"]
[Round "5.22"]
[White "O'Byrne, Daniel"]
[WhiteElo "1922"]
[WhiteTeam "War & Piece Overlord"]
[Black "Brown, Geoffrey D"]
[BlackElo "1746"]
[BlackTeam "Darnall & Handsworth"]
[Result "1-0"]
[PlyCount "69"]

1. e4 c5 2. Nf3 d6 3. d4 cxd4 4. Nxd4 Nf6 5. Nc3 g6 6. Be3 Bg7 7. Be2 Bd7 8. Qd2 a6 9. O-O O-O 10. a4 Nc6 11. Nxc6 Bxc6 12. f3 Rc8 13. a5 Nd7 14. Bd4 Nf6 15. Rfd1 Qe8 16. Qe3 Nd7 17. Bxg7 Kxg7 18. f4 Kg8 19. h4 f6 20. Bc4+ Kg7 21. Be6 Rc7 22. b4 Nb8 23. Rd2 Bd7 24. Bb3 Qd8 25. Nd5 Rc6 26. h5 e6 27. Nb6 Qc7 28. c4 Be8 29. Ba4 Rxc4 30. Nxc4 Qxc4 31. h6+ Kg8 32. Qb6 Bxa4 33. Qxd6 Qxe4 34. Qe7 Qe3+ 35. Kh1 1-0

[Event "4NCL Online Division 3"]
[Site "online"]
[Date "2021.10.19"]
[EventDate "2021.10.19"]
[Round "5.23"]
[White "Brennan, Oliver"]
[WhiteElo "1685"]
[WhiteTeam "Darnall & Handsworth"]
[Black "Kelly, Richard"]
[BlackElo "1790"]
[BlackTeam "War & Piece Overlord"]
[Result "0-1"]
[PlyCount "52"]

1. e4 e6 2. d3 d5 3. Nd2 Nf6 4. Ngf3 Nc6 5. g3 Bc5 6. Bg2 dxe4 7. dxe4 e5 8. O-O O-O 9. Qe2 Qe7 10. Nb3 Be6 11. Bg5 Bb6 12. Rad1 h6 13. Bc1 Rfd8 14. c3 a5 15. Qc2 a4 16. Nbd2 Bxa2 17. b3 Bxb3 18. Nxb3 Rxd1 19. Rxd1 axb3 20. Qxb3 Nxe4 21. Rf1 Nxf2 22. Rxf2 Qc5 23. Qc2 Qxf2+ 24. Qxf2 Bxf2+ 25. Kxf2 Ra2+ 26. Nd2 Rc2 0-1